MARC details
| 000 -LEADER |
| fixed length control field |
02166nam a2200361 a 4500 |
| 001 - CONTROL NUMBER |
| control field |
79086 |
| 003 - CONTROL NUMBER IDENTIFIER |
| rucl marc code |
BD-RjUL |
| 005 - DATE AND TIME OF LATEST TRANSACTION |
| control field |
20211229113752.0 |
| 008 - FIXED-LENGTH DATA ELEMENTS--GENERAL INFORMATION |
| fixed length control field |
040119s2000 ku 000 0 ara d |
| 035 ## - SYSTEM CONTROL NUMBER |
| System control number |
(BD-RjUL)79086 |
| 040 ## - CATALOGING SOURCE |
| Original cataloging agency |
BIC |
| Language of cataloging |
eng |
| Transcribing agency |
BD-RjUL |
| 041 ## - LANGUAGE CODE |
| Language code of text/sound track or separate title |
ara |
| 082 ## - DEWEY DECIMAL CLASSIFICATION NUMBER |
| Edition number |
23 |
| Classification number |
297.14 |
| Author mark and year |
MAH 2000 |
| 090 ## - LOCALLY ASSIGNED LC-TYPE CALL NUMBER (OCLC); LOCAL CALL NUMBER (OCLC) |
| Classification number (OCLC) (R) ; Classification number, CALL (RLIN) (NR) |
213.22 مرص |
| 100 1# - MAIN ENTRY--PERSONAL NAME |
| Personal name |
Al-Marsafi, Saad ;; المرصفي، سعد |
| 9 (RLIN) |
425 |
| 245 10 - TITLE STATEMENT |
| Title |
حقيقة المشبهات في حديث الحلال بين والحرام بين وبينهما مشبهات ;; haqiqat al mushabihat fi hadith al halal bayn wa lharam bayn wa baynahuma mushabihat : |
| Remainder of title |
وموقف المسلم منها ;; wa mawqif al muslim minha / |
| Statement of responsibility, etc. |
سعد المرصفي ;; Saad Al-Marsafi. |
| 260 ## - PUBLICATION, DISTRIBUTION, ETC. (IMPRINT) |
| Place of publication, distribution, etc. |
الكويت ;; Kuwait : |
| Name of publisher, distributor, etc. |
مكتبة المنار الاسلامية، ;; maktabat al manar al Iaslamiati, |
| Date of publication, distribution, etc. |
1421 هجري[2000]. |
| 300 ## - PHYSICAL DESCRIPTION |
| Pagination |
237 ص ; |
| Size |
24 سم. |
| 504 ## - BIBLIOGRAPHY, ETC. NOTE |
| Bibliography, etc |
ببليوغرافية: ص 213-230 |
|
| Bibliography, etc |
Bibliography: p. 213-230 |
| 650 #7 - SUBJECT ADDED ENTRY--TOPICAL TERM |
| Topical term or geographic name as entry element |
الحديث الشريف |
| General subdivision |
شرح حديث الحلال بين والحرام بين |
| Source of heading or term |
BIC |
| 9 (RLIN) |
426 |
|
| Topical term or geographic name as entry element |
Religious life |
| General subdivision |
Islam. |
| 9 (RLIN) |
436 |
|
| Topical term or geographic name as entry element |
al hadith al sharif |
| General subdivision |
sharh hadith al halal bayn wal haram bayn |
| 9 (RLIN) |
427 |
|
| Topical term or geographic name as entry element |
فوائد البنوك، أحكام اباحة (فقه اسلامي) |
| Source of heading or term |
BIC |
| 9 (RLIN) |
428 |
|
| Topical term or geographic name as entry element |
fawayid albunuka, 'ahkam abaha (fiqah aslami) |
| 9 (RLIN) |
429 |
|
| Topical term or geographic name as entry element |
فوائد البنوك، رد أحكام اباحة (فقه اسلامي) |
| Source of heading or term |
BIC |
| 9 (RLIN) |
430 |
|
| Topical term or geographic name as entry element |
fawayid albunuki, radu 'ahkam abaha (fiqah aslami |
| 9 (RLIN) |
431 |
|
| Topical term or geographic name as entry element |
فوائد البنوك، رد أحكام اباحة (قرارات مجمع الفقه الاسلامي) |
| Source of heading or term |
BIC |
| 9 (RLIN) |
432 |
|
| Topical term or geographic name as entry element |
فوائد البنوك، رد أحكام اباحة (قرار المؤتمر الاسلامي الثاني لمجمع البحوث الاسلامية بالقاهرة، 1965) |
| Source of heading or term |
BIC |
| 9 (RLIN) |
433 |
|
| Topical term or geographic name as entry element |
awayid albunuki, rada 'ahkam abaha (qarar almutamar alaslamii althaani limajmae albuhuth alaslamiat bialqahirati, 1965) |
| 9 (RLIN) |
434 |
| 830 #0 - SERIES ADDED ENTRY--UNIFORM TITLE |
| Uniform title |
دفاع عن الحديث النبوي ; difae ean al hadith al nabawii ; |
| Volume number/sequential designation |
17 |
| 942 ## - ADDED ENTRY ELEMENTS (KOHA) |
| Source of classification or shelving scheme |
Dewey Decimal Classification |
| Koha item type |
Books |